<A> criterion for the positivity of rational cubic C**2 spline interpolants.

Odvodenie nutnej a dostačujúcej podmienky kladnosti racionálnych splajnov pomocou konečnej množiny nerovnosti. Tieto podmienky platia vždy, keď sú parametre racionálnosti dostatočne veľké.

Salvato in:
Dettagli Bibliografici
Autore principale: Schmidt, J.W
Altri autori: Sakai, M.
Natura: Capitolo di libro
Lingua:inglese
Soggetti:
Tags: Aggiungi Tag
Nessun Tag, puoi essere il primo ad aggiungerne!!

MARC

LEADER 00000naa a2200000 4500
001 r001972
005 20220906110946.8
041 0 |a eng 
044 |a AT 
245 1 0 |a <A> criterion for the positivity of rational cubic C**2 spline interpolants.  |c J.W. Schmidt, M. Sakai 
520 |a Odvodenie nutnej a dostačujúcej podmienky kladnosti racionálnych splajnov pomocou konečnej množiny nerovnosti. Tieto podmienky platia vždy, keď sú parametre racionálnosti dostatočne veľké. 
610 2 0 |a matematika 
610 2 0 |a metódy matematické 
100 1 |a Schmidt, J.W. 
700 1 |a Sakai, M.